Cuentos para la educación ambiental: antología. English version

Saved in:
Bibliographic Details
Main Author: Sepúlveda Obreque, Alejandro
Format: Book
Language:English
Published: Osorno, Chile Universidad de Los Lagos 2003
Subjects:
Tags: Add Tag
No Tags, Be the first to tag this record!

MARC

LEADER 00000nam a2200000 a 4500
001 UCL4524
003 CL-VaPUC
005 20250220161849.0
008 040116e20030000CL |||||||||||||||||eng|d
999 |c 307348  |d 307346 
040 |c Pontificia Universidad Católica de Valparaíso 
082 0 4 |a 372.35 SEP 2003  |2 21 
100 0 |a Sepúlveda Obreque, Alejandro  |9 482072 
245 1 0 |a Cuentos para la educación ambiental: antología. English version 
246 1 0 |a Stories for the environmental education 
260 0 3 |a Osorno, Chile  |b Universidad de Los Lagos  |c 2003 
300 |a 74 páginas 
500 |a Libro en Laboratorio de Práctica Docente de Biología 
583 |a last modification  |c 20040116 00:00:00  |k Rodrigo Vera 
650 0 |a Cuentos infantiles  |9 308044 
650 0 |a Educación científica   |9 307484 
650 0 |a Medio ambiente  |9 257625 
650 0 |a Educación básica   |9 224933 
942 |c BK  |2 ddc 
945 |d 20040116 00:00:00  |a cmena 
952 |0 0  |1 0  |2 ddc  |4 0  |6 372_350000000000000_SEP_2003  |7 0  |8 A  |9 373250  |a BIBCUR  |b BIBCUR  |d 2019-11-21  |i 3978745  |o 372.35 SEP 2003  |p 3978745  |r 2025-04-22  |t 1  |w 2019-11-21  |y BK  |k BIO